Japanese homes and their surroundings
This book consists of the following many parts: the house, types of houses, interiors, entrances and approches, gatdens, miscellaneous matters, the ancient house, the neighboring house.
Wedi'i Gadw mewn:
| Prif Awdur: | |
|---|---|
| Fformat: | Llyfr |
| Iaith: | Undetermined |
| Cyhoeddwyd: |
New York
Dover Publications
1961
|
| Pynciau: | |
| Tagiau: |
Ychwanegu Tag
Dim Tagiau, Byddwch y cyntaf i dagio'r cofnod hwn!
|
| Thư viện lưu trữ: | Trung tâm Học liệu Trường Đại học Cần Thơ |
|---|
| LEADER | 00808nam a2200205Ia 4500 | ||
|---|---|---|---|
| 001 | CTU_107913 | ||
| 008 | 210402s9999 xx 000 0 und d | ||
| 082 | |a 728.0952 | ||
| 082 | |b M884 | ||
| 100 | |a Morse, Edward S. | ||
| 245 | 0 | |a Japanese homes and their surroundings | |
| 245 | 0 | |c Edward S. Morse; With illus. by the author. With a new introd. by Clay Lancaster | |
| 260 | |a New York | ||
| 260 | |b Dover Publications | ||
| 260 | |c 1961 | ||
| 520 | |a This book consists of the following many parts: the house, types of houses, interiors, entrances and approches, gatdens, miscellaneous matters, the ancient house, the neighboring house. | ||
| 650 | |a Architecture, domestic,Interior decoration | ||
| 650 | |z Japan,Japan | ||
| 904 | |i M.Loan | ||
| 980 | |a Trung tâm Học liệu Trường Đại học Cần Thơ | ||